00806 a2200253 450000500170000000800410001701000410005802000260009902000230012503500130014803500170016103500130017803700160019103700170020704000170022408200120024110000170025324500350027026000450030527000630035030000270041349000620044050000500050220090519142840.0090519t xxu||||| |||| 00| 0 eng d aENG-89127 B-309896-906 a9780195694444c225.00 a0195694449c225.00 aEN-72660 aB-309896-906 aB-359129 bDBAD / PUB bPansy Books  adplbEnglish a915.042 aHarvey, L.P. aIbn Battuta /cby L.P. Harvey aNew DelhibOxford University Pressc2007 aYMCA Library Building, Jai Singh RoadbNew Delhie110 001 aviii, 127p.c22cm(pbk) aMakers of Islamic civilization/edited by Farhan A. Nizami aIncludes bibliographical references and index